Krátky dejepis Uhorska
| Main Author: | |
|---|---|
| Format: | Book |
| Language: | Undetermined |
| PhysicalDescription: | 52 s. |
| Published: |
V Pešti
Robert Lampel
1871
|
MARC
| LEADER | 00000nam a2200000 a 4500 | ||
|---|---|---|---|
| 001 | vtls001358002 | ||
| 003 | SK-MaSNL | ||
| 005 | 20260301010556.0 | ||
| 008 | 240314s1871 xx 0 und | ||
| 035 | |a SNK000311516 | ||
| 040 | |a SNK |b slo |c SNK |e AACR2 | ||
| 041 | 0 | |a und | |
| 044 | |a xx | ||
| 100 | 1 | |a Kuttner, Alexander |4 aut |9 292604 | |
| 245 | 1 | 0 | |a Krátky dejepis Uhorska |
| 260 | |a V Pešti |b Robert Lampel |c 1871 | ||
| 300 | |a 52 s. | ||
| 958 | |a ONDV | ||
| 999 | |c 548520 |d 550450 | ||
| 952 | |a SNK |b SNK |y PREZ |7 0 |p 17A0184275 |o snkSD 82 |i snk150/27 |0 0 |1 0 |4 0 |d 1999-03-17 |l 0 |r 2025-10-14 00:00:00 |w 2026-02-23 | ||


